000 00269nam a2200121 a 4500
008 101210s1956|||| d
100 1 _aStasov, V.V.
245 1 0 _aO musorgskom
260 _bSVKL
_aBratislava
_c1956
020 _c3,60
041 _aslo
044 _axo
_cSK
999 _c15115
_d15115